KOHA-Header-6

Macroeconomics (Record no. 6623)

000 -LEADER
fixed length control field 00243nam a2200109Ia 4500
100 ## - MAIN ENTRY--AUTHOR NAME
Personal name Dornbusch
245 #0 - TITLE STATEMENT
Title Macroeconomics
260 ## - PUBLICATION, DISTRIBUTION, ETC. (IMPRINT)
Place of publication USA
Name of publisher Famous Books
Year of publication 1995
300 ## - PHYSICAL DESCRIPTION
Number of Pages 523
942 ## - ADDED ENTRY ELEMENTS (KOHA)
Koha item type Books
Holdings
Withdrawn status Lost status Collection code Permanent Location Current Location Shelving location Date acquired Full call number Accession Number Koha item type
    Economics MAJU MAJU Shelf No.A48 2019-09-07 330.3 537 Economics

Powered by Koha